000 00450nam a2200169Ia 4500
008 230917s9999||||xx |||||||||||||| ||und||
020 _cRS395
040 _e232970
_aMAIN
041 _aEnglish
082 _a346.022 M989C
100 _aMyneni, S R
245 0 _aContract -II: Special contracts
260 _aHyderabad
_bAsia Law Publishers
_c2010
300 _a560 p.
500 _a2320 06/05/2016 HBD16/6577 29/06/2016 Main Budget
942 _cBK
999 _c18630
_d18630